[Event "AUTO-INT-2601"]
[Site "http://www.queenalice.com/game.php?id=1168169"]
[Date "2013.4.4"]
[Round "1"]
[White "zemaria"]
[Black "mago_branco"]
[Result "0-1"]
[WhiteElo "1660"]
[BlackElo "1875"]

1. e4 c5 2. d4 cxd4 3. Qxd4 Nc6 4. Qd1 Nf6 5. f3 e6 6. c3 Bc5 7. Bc4 Nxe4 8.
fxe4 Qh4+ 9. g3 Qxe4+ 10. Be2 Qxh1 11. Nd2 Qxg1+ 12. Nf1 a5 13. Bd2 Bf2# 0-1

[Event "AUTO-INT-2601"]
[Site "http://www.queenalice.com/game.php?id=1168170"]
[Date "2013.4.4"]
[Round "1"]
[White "mago_branco"]
[Black "gremioimortal"]
[Result "1-0"]
[WhiteElo "1894"]
[BlackElo "1598"]

1. c4 e5 2. Nc3 Qf6 3. g3 Bc5 4. Nf3 c6 5. Bg2 Nh6 6. O-O g5 7. Ne4 Qe7 8. Nfxg5
f6 9. Nxc5 Qxc5 10. Ne4 Qe7 11. d4 Nf5 12. dxe5 fxe5 13. Bg5 Qb4 14. g4 O-O 15.
gxf5 Rxf5 16. Qc2 a5 17. Nf6+ Kg7 18. Qxf5 Qe7 19. Qxh7+ Kf8 20. Qg8# 1-0

[Event "AUTO-INT-2601"]
[Site "http://www.queenalice.com/game.php?id=1168171"]
[Date "2013.4.4"]
[Round "1"]
[White "gremioimortal"]
[Black "mago_branco"]
[Result "0-1"]
[WhiteElo "1680"]
[BlackElo "1954"]

1. e4 c6 2. Nc3 d5 3. Nf3 dxe4 4. Ne5 Qd4 5. Ng4 Bf5 6. Ne3 Bg6 7. Qg4 Nd7 8.
Bc4 Ne5 9. Qh4 Nxc4 10. O-O Nf6 11. b3 Nxd2 12. Bb2 Qc5 13. Na4 Qh5 14. Bxf6
exf6 15. Qh3 Qxh3 16. gxh3 Bb4 17. a3 Nxf1 18. Nxf1 Bd6 19. Re1 O-O-O 20. Nd2
Bxh2+ 21. Kxh2 Rxd2 22. Kg2 Rxc2 0-1

[Event "AUTO-ADV-2820"]
[Site "http://www.queenalice.com/game.php?id=1171825"]
[Date "2013.4.15"]
[Round "1"]
[White "alyne_gracyelle"]
[Black "mago_branco"]
[Result "0-1"]
[WhiteElo "1737"]
[BlackElo "1940"]

1. e4 c6 2. d4 d5 3. Nc3 dxe4 4. Nxe4 Nf6 5. Nxf6+ exf6 6. Bc4 Bd6 7. Nf3 O-O 8.
O-O Bf5 9. Re1 Qc7 10. g3 Nd7 11. Nh4 Bg6 12. Be3 Be4 13. f3 Bxg3 14. Re2 Bxc2
15. Rxc2 Bxh4 16. Rg2 f5 17. b3 Rfe8 18. Qd2 Bf6 19. Bh6 g6 20. Rd1 Rad8 21. a3
Bxd4+ 22. Qxd4 Ne5 23. Qa1 Nxf3+ 24. Kh1 Rxd1+ 25. Qxd1 Re1+ 0-1

[Event "AUTO-ADV-2820"]
[Site "http://www.queenalice.com/game.php?id=1171826"]
[Date "2013.4.15"]
[Round "1"]
[White "mago_branco"]
[Black "alyne_gracyelle"]
[Result "1-0"]
[WhiteElo "1842"]
[BlackElo "1737"]

1. d4 d5 2. c4 c5 3. e3 Nc6 4. dxc5 e5 5. cxd5 Qa5+ 6. Nc3 Nb4 7. Bb5+ Bd7 8.
Bxd7+ Kxd7 9. Nf3 Qxc5 10. Nxe5+ Ke8 11. Qa4+ Ke7 12. Qd7+ 1-0

[Event "AUTO-ADV-2820"]
[Site "http://www.queenalice.com/game.php?id=1171841"]
[Date "2013.4.15"]
[Round "1"]
[White "nnetto"]
[Black "mago_branco"]
[Result "1-0"]
[WhiteElo "1708"]
[BlackElo "1869"]

1. e4 e5 2. Nf3 Nf6 3. Nxe5 d6 4. Nf3 Nxe4 5. Qe2 Qe7 6. d3 Nf6 7. Nc3 Bg4 8.
Be3 Nbd7 9. h3 Bh5 10. g4 Bg6 11. g5 Nh5 12. Nd5 Qd8 13. Nxc7+ 1-0

[Event "AUTO-ADV-2820"]
[Site "http://www.queenalice.com/game.php?id=1171842"]
[Date "2013.4.15"]
[Round "1"]
[White "mago_branco"]
[Black "nnetto"]
[Result "0-1"]
[WhiteElo "1936"]
[BlackElo "1783"]

1. d4 Nf6 2. c4 e6 3. Nf3 Bb4+ 4. Nc3 d5 5. Bg5 Ng4 6. Bxd8 Kxd8 7. e3 c6 8. Ng5
Nh6 9. Qh5 Ke7 10. Bd3 Nd7 11. O-O Nf6 12. Qe2 Rd8 13. f4 dxc4 14. Bxc4 Nf5 15.
Rfd1 Kf8 16. Nge4 Nd5 17. Bxd5 exd5 18. Nd2 Re8 19. Nf1 Bd7 20. a3 Bd6 21. Qd3
Kg8 22. b4 Re7 23. Re1 Rae8 24. Kf2 a6 25. Ng3 g6 26. Nxf5 Bxf5 27. Qd2 h5 28.
Na4 h4 29. Nc5 Bg4 30. a4 Bf5 31. Qb2 h3 32. gxh3 Bxh3 33. Nd3 Kg7 34. Ne5 f6
35. Nf3 Re6 36. Rac1 Bf5 37. b5 cxb5 38. axb5 a5 39. Qb3 Be4 40. Nd2 Bb4 41.
Rc7+ R6e7 42. Rxe7+ Rxe7 43. Nxe4 Bxe1+ 44. Kxe1 Rxe4 45. Kd2 Re7 46. Qxd5 b6
47. Qd6 Rb7 48. Qc6 Rf7 49. Qxb6 g5 50. f5 a4 51. Qa6 Kf8 52. b6 Kg7 53. b7 Rf8
54. Qa8 a3 0-1

[Event "AUTO-ADV-2820"]
[Site "http://www.queenalice.com/game.php?id=1171853"]
[Date "2013.4.15"]
[Round "1"]
[White "mago_branco"]
[Black "vult0"]
[Result "1-0"]
[WhiteElo "1775"]
[BlackElo "1819"]

1. e4 e5 2. Nf3 d6 3. d4 exd4 4. Qxd4 Nc6 5. Bb5 Bd7 6. Bxc6 Bxc6 7. O-O f6 8.
c4 Bd7 9. Nc3 Ne7 10. Be3 b6 11. a3 c5 12. Qxd6 Nf5 13. Qd2 Ne7 14. e5 Bc6 15.
Qe2 Ng6 16. Rad1 Qe7 17. Rd6 Qc7 18. Bxc5 bxc5 19. exf6+ Kf7 20. Qe6# 1-0

[Event "AUTO-ADV-2820"]
[Site "http://www.queenalice.com/game.php?id=1171854"]
[Date "2013.4.15"]
[Round "1"]
[White "vult0"]
[Black "mago_branco"]
[Result "1-0"]
[WhiteElo "1760"]
[BlackElo "1910"]

1. e4 e5 2. Nf3 Nf6 3. Bc4 Nc6 4. Nc3 Bb4 5. a3 Bxc3 6. bxc3 d5 7. exd5 Nxd5 8.
O-O O-O 9. Bb2 Bg4 10. Qe2 Re8 11. h3 Nf4 12. Qe4 Bxf3 13. Qxf3 Qxd2 14. Bb3 e4
15. Qe3 Qxe3 16. fxe3 Ne6 17. Rf2 Rad8 18. Raf1 f6 19. Rf4 Kh8 20. Rxe4 Nc5 21.
Rxe8+ Rxe8 22. Re1 Ne5 23. Ba2 Ne4 24. c4 g6 25. a4 Kg7 26. Rd1 Re7 27. Rd8 Rd7
28. Rxd7+ Nxd7 29. Bb3 Ndc5 30. Kf1 Nxb3 31. cxb3 Nd2+ 32. Ke2 Nxb3 33. g4 Kf7
34. Kd1 Nc5 35. a5 Nd3 36. Kc2 Nxb2 37. Kxb2 Ke6 38. Kc3 c5 39. Kd3 Ke5 40. Ke2
1-0

[Event "AUTO-MASTER-1884"]
[Site "http://www.queenalice.com/game.php?id=1187338"]
[Date "2013.6.3"]
[Round "1"]
[White "ratorei"]
[Black "mago_branco"]
[Result "0-1"]
[WhiteElo "2025"]
[BlackElo "1963"]

1. e4 c6 2. d4 d5 3. exd5 cxd5 4. Bd3 Nf6 5. Nf3 Nc6 6. O-O Bg4 7. c3 e6 8. Bg5
Be7 9. Na3 O-O 10. Nc2 Ne4 11. Be3 f5 12. Be2 Qe8 13. h3 Bh5 14. g3 Bd6 15. Nh2
Bxe2 16. Qxe2 f4 17. gxf4 Bxf4 18. Kh1 Qg6 19. Ng4 Qf5 20. Rg1 h5 21. Nh6+ Bxh6
22. Rg2 Bxe3 23. Nxe3 Qxh3+ 24. Kg1 Rf4 25. Rf1 Rh4 0-1

[Event "AUTO-MASTER-1884"]
[Site "http://www.queenalice.com/game.php?id=1187339"]
[Date "2013.6.3"]
[Round "1"]
[White "mago_branco"]
[Black "ratorei"]
[Result "0-1"]
[WhiteElo "1772"]
[BlackElo "2084"]

1. d4 d5 2. c4 e6 3. Nc3 c6 4. e3 Nf6 5. Nf3 Nbd7 6. a4 Be7 7. Bd3 Bd6 8. O-O a6
9. Qe2 e5 10. dxe5 Nxe5 11. cxd5 cxd5 12. Nd4 Nxd3 13. Qxd3 Bxh2+ 14. Kxh2 Ng4+
15. Kg3 Qg5 16. f4 Qh5 17. Nf3 Nf6 18. Ne5 g5 19. Nf3 gxf4+ 20. exf4 Rg8+ 21.
Kf2 Qg4 22. Ne1 Be6 23. Kg1 O-O-O 24. f5 Bd7 25. Nxd5 Nxd5 26. Qxd5 Bc6 27. Qe5
Bxg2 28. Rf4 Qh3 0-1

[Event "AUTO-MASTER-1884"]
[Site "http://www.queenalice.com/game.php?id=1187354"]
[Date "2013.6.3"]
[Round "1"]
[White "mago_branco"]
[Black "tariann"]
[Result "0-1"]
[WhiteElo "1951"]
[BlackElo "2055"]

1. e4 e5 2. Nf3 Nc6 3. Bb5 f5 4. Nc3 Nf6 5. d3 Bb4 6. Bg5 fxe4 7. Bxc6 dxc6 8.
dxe4 Qxd1+ 9. Rxd1 Bg4 10. Bxf6 gxf6 11. Rd3 Ke7 12. Ke2 Rad8 13. Rhd1 Rd6 14.
h3 Be6 0-1

[Event "AUTO-MASTER-1884"]
[Site "http://www.queenalice.com/game.php?id=1187355"]
[Date "2013.6.3"]
[Round "1"]
[White "tariann"]
[Black "mago_branco"]
[Result "1-0"]
[WhiteElo "2041"]
[BlackElo "1992"]

1. e4 e5 2. Nf3 Nf6 3. Nxe5 d6 4. Nxf7 Kxf7 5. Bc4+ Be6 6. Bxe6+ Kxe6 7. O-O Kf7
8. Nc3 Kg8 9. d4 h6 10. f4 Na6 11. e5 dxe5 12. fxe5 Nd5 13. Qf3 1-0

[Event "AUTO-MASTER-1884"]
[Site "http://www.queenalice.com/game.php?id=1187356"]
[Date "2013.6.3"]
[Round "1"]
[White "mago_branco"]
[Black "Tune"]
[Result "0-1"]
[WhiteElo "1960"]
[BlackElo "2182"]

1. d4 Nf6 2. c4 e6 3. Nf3 b6 4. Nc3 Bb7 5. Bg5 Be7 6. e3 O-O 7. Bd3 d5 8. O-O
Nbd7 9. Qe2 c5 10. Rfd1 Rc8 11. Rac1 h6 12. Bh4 Ne4 13. Bxe7 Qxe7 14. cxd5 exd5
15. Ba6 Ndf6 16. Ne5 cxd4 0-1

[Event "AUTO-MASTER-1884"]
[Site "http://www.queenalice.com/game.php?id=1187357"]
[Date "2013.6.3"]
[Round "1"]
[White "Tune"]
[Black "mago_branco"]
[Result "1-0"]
[WhiteElo "2176"]
[BlackElo "1971"]

1. e4 c6 2. d4 d5 3. Nc3 dxe4 4. Nxe4 Bf5 5. Ng3 Bg6 6. h4 h6 7. Nf3 Nd7 8. h5
Bh7 9. Bd3 Bxd3 10. Qxd3 Qc7 11. Bd2 Ngf6 12. O-O-O e6 13. Ne4 Bd6 14. Nxd6+
Qxd6 15. Kb1 O-O-O 16. Rh4 Rhe8 17. Ba5 b6 18. Bd2 1-0